Library Banner

Friends not masters/ (Record no. 106219)

MARC details
000 -LEADER
fixed length control field 00393nam a22001457a 4500
005 - DATE AND TIME OF LATEST TRANSACTION
control field 20250123092800.0
008 - FIXED-LENGTH DATA ELEMENTS--GENERAL INFORMATION
fixed length control field 180723b xxu||||| |||| 00| 0 eng d
040 ## - CATALOGING SOURCE
Transcribing agency PK-LaUMT
082 ## - DEWEY DECIMAL CLASSIFICATION NUMBER
Classification number 320.95491092
Item number AYU-F
100 ## - MAIN ENTRY--PERSONAL NAME
Personal name Ayub Khan , Muhammad
245 ## - TITLE STATEMENT
Title Friends not masters/
Statement of responsibility, etc Muhammad Ayub Khan
260 ## - PUBLICATION, DISTRIBUTION, ETC. (IMPRINT)
Place of publication, distribution, etc Lahore:
Name of publisher, distributor, etc Oxford Univesity press
Date of publication, distribution, etc 1967
300 ## - PHYSICAL DESCRIPTION
Extent 275
942 ## - ADDED ENTRY ELEMENTS (KOHA)
Koha item type Books
Holdings
Withdrawn status Lost status Damaged status Home library Current library Date acquired Full call number Barcode Date last seen Price effective from Koha item type Copy number
      UMT Main Campus UMT Main Campus 2018-07-23 MJC 320.95491092 AYU-F 121350 2018-07-23 2018-07-23 Books  
      UMT Main Campus UMT Main Campus 2025-01-22 320.95491092 AYU-F 148557 2025-01-22 2025-01-22 Books C.2